Labour, diaspora and marginality : (Record no. 1308924)
[ view plain ]
| 000 -LEADER | |
|---|---|
| fixed length control field | 01333nam a22002417a 4500 |
| 005 - DATE AND TIME OF LATEST TRANSACTION | |
| control field | 20250530121534.0 |
| 008 - FIXED-LENGTH DATA ELEMENTS--GENERAL INFORMATION | |
| fixed length control field | 250412b |||||||| |||| 00| 0 eng d |
| 020 ## - INTERNATIONAL STANDARD BOOK NUMBER | |
| International Standard Book Number | 9789356870048 |
| 040 ## - CATALOGING SOURCE | |
| Transcribing agency | SDCL |
| 041 ## - LANGUAGE CODE | |
| Source of code | eng |
| Language code of text/sound track or separate title | eng |
| 084 ## - COLON CLASSIFICATION NUMBER | |
| Classification number | V2x'P R4 |
| 245 ## - TITLE STATEMENT | |
| Title | Labour, diaspora and marginality : |
| Remainder of title | Essays in honour of Professor Sabyasachi Bhattacharya |
| 260 ## - PUBLICATION, DISTRIBUTION, ETC. | |
| Place of publication, distribution, etc. | Delhi : |
| Name of publisher, distributor, etc. | Primus Books, |
| Date of publication, distribution, etc. | 2024. |
| 300 ## - PHYSICAL DESCRIPTION | |
| Extent | xviii,594p. |
| 520 ## - SUMMARY, ETC. | |
| Summary, etc. | Labour, Diaspora and Marginality traces the intellectual legacy of Professor Sabyasachi Bhattacharya (1938-2019), a towering figure in the field of Indian history. He was an exceptional intellectual, infused with ethical sensibility and humanism. Beginning with his earlier forte in economic history, he eventually contributed to a significant trend in labour studies and gave shape to that turn within the specific context of India and other postcolonial nations. He left an indelible impression across the sub-_elds within history such as education, and political, socio-cultural and intellectual histories of India. |
| 650 ## - SUBJECT ADDED ENTRY--TOPICAL TERM | |
| Topical term or geographic name entry element | Dalits -- History -- India |
| 9 (RLIN) | 811164 |
| 650 ## - SUBJECT ADDED ENTRY--TOPICAL TERM | |
| Topical term or geographic name entry element | India -- History |
| 650 ## - SUBJECT ADDED ENTRY--TOPICAL TERM | |
| Topical term or geographic name entry element | Labor -- History -- India |
| 9 (RLIN) | 811165 |
| 700 ## - ADDED ENTRY--PERSONAL NAME | |
| Personal name | Rao, Yagati Chinna |
| 9 (RLIN) | 752229 |
| 700 ## - ADDED ENTRY--PERSONAL NAME | |
| Personal name | Patel, Hitender K. |
| 9 (RLIN) | 811166 |
| 942 ## - ADDED ENTRY ELEMENTS (KOHA) | |
| Source of classification or shelving scheme | Colon Classification (CC) |
| Koha item type | Textual |
| Suppress in OPAC | No |
| Withdrawn status | Lost status | Source of classification or shelving scheme | Damaged status | Not for loan | Home library | Current library | Date acquired | Source of acquisition | Inventory number | Total Checkouts | Full call number | Barcode | Date last seen | Price effective from | Koha item type |
|---|---|---|---|---|---|---|---|---|---|---|---|---|---|---|---|
| Colon Classification (CC) | South Campus Library | South Campus Library | 2025-04-12 | Govinda Book House | 6527, 23/11/2024, INR 1500.00 | V2x'P R4 | SC1690563 | 2025-04-12 | 2025-04-12 | Textual |
